Free Fire Battlegrounds - Statistics

General Stats
  • This quiz has been taken 381 times
  • The average score is 11 of 24
Answer Stats
Answer % Correct
AK
80%
MP40
80%
Scar
75%
AWM
72%
M4A1
64%
UMP
62%
MP5
56%
Kar98k
54%
Groza
50%
M1014
50%
FAMAS
46%
G18
46%
USP
45%
M500
42%
M14
40%
M79
32%
VSS
32%
SKS
31%
Desert Eagle
30%
M249
29%
Pan
24%
M1873
15%
Grenade
13%
Parang
13%
No matching quizzes found
Score Distribution
Percent of People with Each Score
Percentile by Number Answered
Your Score History
You have not taken this quiz